MARC

LEADER 00000nam0a2200000 4500
001 131520
005 20231031134511.0
010 |a 5110019851 
035 |a (RuTPU)RU\TPU\book\142446 
090 |a 131520 
100 |a 20080219d1991 m y0rusy50 ca 
101 0 |a rus 
102 |a UA 
105 |a a z 001zy 
200 1 |a Санитарно-техническое оборудование зданий. Примеры расчета  |e учебное пособие  |f Ю. С. Сергеев [и др.] 
210 |a Киев  |c Высшая школа  |d 1991 
215 |a 206 с.  |c ил. 
320 |a Библиогр.: с. 204. 
610 1 |a санитарно-техническое оборудование 
610 1 |a здания 
610 1 |a расчеты 
610 1 |a проектирование 
610 1 |a водопроводы 
610 1 |a канализация 
675 |a 696.697.002.5(075.8)  |v 3 
701 1 |a Сергеев  |b Ю. С.  |g Юрий Сергеевич 
701 1 |a Боровский  |b Э. Р.  |g Эдуард Рудольфович 
701 1 |a Кравчук  |b А. М.  |g Андрей Михайлович 
701 1 |a Ивченко  |b В. Д.  |g Виктор Дмитриевич 
801 1 |a RU  |b 63413507  |c 20080219  |g PSBO 
801 2 |a RU  |b 63413507  |c 20090122  |g PSBO 
942 |c BK